00618nam a2200181Ia 4500003000900000008004100009020001800050040001600068080002400084245014300108260003900251300001600290650004100306650002500347650001900372650001200391700003300403IN-BaIIA211028s9999 xx 000 0 eng d a0-306-11000-8 cIIA Library a047.1:533.9bREV-10 0aReviews of pasma physics: vol. 10, translatted from Russian by Oleg Glebovcedited by M. A Leontovich, Acad  aNew YorkbConsultants Bureauc1965 aviii, 517p. aAstronomy and astrophysics thesaurus aMagnetohydrodynamics aPlasma physics aPlasmas aLeontovich, Acad. M. A., ed.